| 000 | 00623nam a2200157 4500 | ||
|---|---|---|---|
| 003 | LK-CoMWRAF | ||
| 005 | 20240118140026.0 | ||
| 008 | 231214b |||||||| |||| 00| 0 eng d | ||
| 040 |
_aLK-CoMWRAF _dLK-CoMWRAF _eLK-CoMWRAF |
||
| 041 | _asin | ||
| 082 |
_a305.4 _bSTR |
||
| 245 | _aස්ත්රීන්ට එරෙහි සියලු ආකාර වෙනස්කම් පිටු දැකීමේ සම්මුතිය | ||
| 246 | _aSthreenta erehi siyalu akara wenaskam pitu dakeeme sammuthiya | ||
| 260 |
_aකොළඹ : _bජාතික කාන්තා එකමුතුව, _c2003 |
||
| 942 | _cBK | ||
| 999 |
_c4470 _d4470 |
||